Online
Catalog

Legislación económica 1983 / (Record no. 37272)

MARC details
000 -CABECERA
campo de control de longitud fija 00433nam a2200133 a 4500
001 - NÚMERO DE CONTROL
campo de control 000037782
005 - FECHA Y HORA DE LA ÚLTIMA TRANSACCIÓN
campo de control 20201002031119.0
008 - DATOS DE LONGITUD FIJA--INFORMACIÓN GENERAL
campo de control de longitud fija 130306s1984 dr 000 0 spa d
040 ## - FUENTE DE LA CATALOGACIÓN
Centro catalogador/agencia de origen DO-SdBNP
Lengua de catalogación spa
Centro/agencia transcriptor BNPHU
100 1# - ENTRADA PRINCIPAL--NOMBRE DE PERSONA
Nombre de persona Piantini, Ramón A.
9 (RLIN) 54327
245 10 - MENCIÓN DE TÍTULO
Título Legislación económica 1983 /
Mención de responsabilidad, etc. Ramón A. Piantini.
260 ## - PUBLICACIÓN, DISTRIBUCIÓN, ETC.
Lugar de publicación, distribución, etc. Santo Domingo :
Nombre del editor, distribuidor, etc. Centro de Estudios Monetarios y Bancarios (CEMYB) ,
Fecha de publicación, distribución, etc. 1984.
300 ## - DESCRIPCIÓN FÍSICA
Extensión 59 p. : ;
Dimensiones 21 cm.
Holdings
Estado de retiro Estado de pérdida No para préstamo Código de colección Localización permanente Ubicación/localización actual Ubicación en estantería Fecha de adquisición Número de inventario Total de préstamos Signatura topográfica completa Código de barras Fecha visto por última vez Precio válido a partir de Tipo de ítem Koha Número de copia
      Patrimonio Dominicano Patrimonio Dominicano Patrimonio Dominicano Orden iniciada 06.03.2013 LF1   37782-10 25.06.2020 25.06.2020 Libro y Folleto Colección Patrimonio Dominicano  
    Préstamo restrigido Patrimonio Dominicano Patrimonio Dominicano Patrimonio Dominicano Orden iniciada 06.03.2013 LF1   37782-20 25.06.2020 25.06.2020 Libro y Folleto Colección Patrimonio Dominicano e. 2

Powered by Koha